| Tag |
First Indicator |
Second Indicator |
Subfields |
| LEADER |
00000cam a2200000 a 4500 |
| 001 |
in00001294313 |
| 005 |
20151004095013.0 |
| 008 |
940902s1995 mau 001 0 eng |
| 010 |
|
|
|a 94033669
|
| 020 |
|
|
|a 0944072461 (acid-free paper)
|
| 035 |
|
|
|a (OCoLC)31170718
|
| 035 |
|
|
|9 AHA0017AM
|
| 040 |
|
|
|a DLC
|c DLC
|d UtOrBLW
|
| 049 |
|
|
|a TXAM
|
| 050 |
0 |
0 |
|a PS3523.A8245
|b C68 1995
|
| 082 |
0 |
0 |
|a 811/.54
|2 20
|
| 100 |
1 |
|
|a Laughlin, James,
|d 1914-1997.
|
| 245 |
1 |
4 |
|a The country road :
|b poems /
|c by James Laughlin.
|
| 250 |
|
|
|a 1st ed.
|
| 264 |
|
1 |
|a Cambridge, Mass. :
|b Zoland Books,
|c 1995.
|
| 300 |
|
|
|a 149 pages ;
|c 24 cm.
|
| 336 |
|
|
|a text
|b txt
|2 rdacontent
|
| 337 |
|
|
|a unmediated
|b n
|2 rdamedia
|
| 338 |
|
|
|a volume
|b nc
|2 rdacarrier
|
| 500 |
|
|
|a Includes index.
|
| 999 |
|
|
|a MARS
|
| 999 |
f |
f |
|s 475ec9d3-74c9-3619-91fb-db9e36e1eb79
|i d224253a-a373-3c55-99bb-5a95dadc8354
|t 0
|
| 952 |
f |
f |
|p ric
|a Texas A&M University
|b Rellis Campus
|c Joint Library Facility
|d Remote Storage
|t 0
|e PS3523.A8245 C68 1995
|h Library of Congress classification
|i unmediated -- volume
|m A14820044704
|
| 998 |
f |
f |
|a PS3523.A8245 C68 1995
|t 0
|l Remote Storage
|